000 01146nam a2200265Ia 4500
003 OSt
005 20220930095016.0
006 a|||||r|||| 00| 0
007 ta
008 220926b |||||||| |||| 00| 0 san d
024 _a66297
037 _cTheses
040 _aCRL
_cCRL
_bsan
041 _2san
_asan
100 _aअरूण कुमार दीप, ले.
110 _aदिल्ली विश्वविद्यालय. कला संकाय. संस्कृत विभाग
245 0 _aहैमव्याकरण को आचार्य विनयविजय गणि का अवदान, अरूण कुमार दीप
246 _aHaimavyākaraṇ ko āchārya vinayavijaya gaṇi kā avadāna, arūṇ kumār dīpa
260 _c2018
300 _a215पृ0
_ap.
_ccm.
650 _aसंस्कृत साहित्य
700 _aदिल्ली विश्वविद्यालय. कला संकाय. संस्कृत विभाग
942 _cDIS
_2CC
999 _c888151
_d888151